Don't Blame Me - James Marriott -- Lyrics - Statistics

General Stats
  • This quiz has been taken 142 times
    50 since last reset
  • The average score is 267 of 302
Answer Stats
Answer % Correct
a
100%
do
100%
don't
100%
(Don't
100%
Don't
100%
I
100%
I'm
100%
it
100%
me
100%
me)
100%
of
100%
of?
100%
that
100%
That
100%
that's
100%
the
100%
The
100%
to
100%
To
100%
You
100%
you
100%
all
94%
All
94%
And
94%
and
94%
be?
94%
best
94%
blame
94%
can
94%
cutting
94%
it's
94%
know
94%
love
94%
next
94%
on
94%
only
94%
our
94%
really
94%
see
94%
So
94%
Tell
94%
ties,
94%
We
94%
we
94%
were
94%
who
94%
worst
94%
your
94%
act
88%
already
88%
As
88%
as
88%
for
88%
fucking,
88%
In
88%
in
88%
life
88%
lying
88%
means
88%
never
88%
seems
88%
sick
88%
surprised,
88%
thinking
88%
this
88%
times
88%
too
88%
what
88%
When
88%
when
88%
you're
88%
Cover
81%
cry,
81%
enough
81%
eyes,
81%
fall
81%
hands
81%
I'll
81%
into
81%
last
81%
leave
81%
moment
81%
morose
81%
move
81%
softly
81%
stay
81%
straight
81%
through
81%
touch
81%
but
75%
'Cause
75%
from
75%
mountaintop
75%
No,
75%
past
75%
path
75%
stops
75%
strings
75%
thing
75%
you'll
75%
agree
69%
always
69%
chemistry
69%
couldn't
69%
did
69%
gloves
69%
hate
69%
it'll
69%
knew
69%
lines
69%
mask
69%
peer
69%
pull
69%
was
69%
Was
69%
I'd
63%
had
56%
high
56%
missteps
56%
there's
56%
There's
56%
dreamed?
50%
No matching quizzes found
Score Distribution
Percent of People with Each Score
Percentile by Number Answered
Your Score History
You have not taken this quiz since the last reset